| 000 | 01028cam a22002055a 4500 | ||
|---|---|---|---|
| 001 | L138267 | ||
| 008 | 070525e2006 xxk f 100 0 eng d | ||
| 035 | _a(Sirsi) u138267 | ||
| 041 | 0 | _aeng | |
| 100 | 1 | _aSimpson, J. | |
| 245 | 0 | 0 |
_aAccessible criterion to meet disabled children's needs _h[electronic resource] |
| 260 |
_aLondon _bRICS _c2006 |
||
| 490 | 0 |
_aCOBRA _v2006 |
|
| 520 | _aProvides a review of the needs of disabled children and of the guidance available to designers. Discusses disability in terms of children, good practice, and provides a statistical evaluation of the numbers and levels of disability. | ||
| 651 | 4 |
_aEngland and Wales _y1543- |
|
| 690 | _aMANAGEMENT-BUSINESS MANAGEMENT-DISCRIMINATION-DISABILITY DISCRIMINATION-ACCESSIBILITY | ||
| 711 | 2 |
_aConstruction and Building Research Conference _cUniversity College London, London _d7-8 September 2006 |
|
| 856 | 4 | 0 |
_uhttps://www.rics.org/site/scripts/download_info.aspx?downloadID=2860 _zView the item free of charge at www.rics.org... |
| 942 | _n0 | ||
| 999 |
_c107096 _d107096 |
||